000 00532nam a2200205Ia 4500
003 BUBTL
008 151213s9999 xx 000 0 und d
020 _a0-07-466236-3
082 _a677COT
100 _aCorbman,Bernard P..
_91087
245 _aTextiles Fiber to Fabric
260 _aNew York
_bMcGraw Hill
_cc1985
300 _a[x],594p.
_bills.
_c21cm.
650 _aTextile
650 _aTextile
700 _aCorbman,Bernard P.
_91088
856 _k0
_l0
_yDownload
942 _2ddc
_cBK
999 _c4106
_d4106